The purloined paperweight /

Bibliographic Details
Main Author: Wodehouse, P. G. (Pelham Grenville), 1881-1975
Format: Book
Language:English
Published: Santa Cruz, Calif. : Paperweight Press, 1986

MARC

Tag First Indicator Second Indicator Subfields
LEADER 00000pam a2200000 a 4500
001 in00000782825
005 20151017063157.0
008 860520c19861967cau 00011 eng
010 |a  86071036  
020 |a 0933756097 :  |c $14.95 
035 |a (OCoLC)13702148 
035 |9 ADN1165AM 
040 |a DLC  |c DLC  |d m/c  |d TXA  |d UtOrBLW 
049 1 |a TXA1 [WODE] 
050 0 0 |a PR6045.O53  |b P87 1986 
082 0 |a 823/.912  |2 19 
090 |a PR6045.O53  |b P87 1986 
100 1 |a Wodehouse, P. G.  |q (Pelham Grenville),  |d 1881-1975. 
245 1 4 |a The purloined paperweight /  |c by P.G. Wodehouse. 
264 1 |a Santa Cruz, Calif. :  |b Paperweight Press,  |c 1986 
264 4 |c ©1967 
300 |a 188 pages ;  |c 21 cm. 
336 |a text  |b txt  |2 rdacontent 
337 |a unmediated  |b n  |2 rdamedia 
338 |a volume  |b nc  |2 rdacarrier 
948 |a c:ce 
999 |a MARS 
999 f f |s 85f933e1-c774-3a9b-bbc0-1477ba6eabbc  |i f08a7b4c-d58e-3442-a999-27e477614e9a  |t 0 
952 f f |p noncirc  |a Texas A&M University  |b College Station  |c Cushing Memorial Library & Archives  |d Cushing: Literature/Wodehouse (Does not check out)  |t 0  |e PR6045.O53 P87 1986  |h Library of Congress classification  |i unmediated -- volume 
952 f f |p normal  |a Texas A&M University  |b College Station  |c Sterling C. Evans Library  |d Evans: Library Stacks  |t 0  |e PR6045.O53 P87 1986  |h Library of Congress classification  |i unmediated -- volume  |m A14822311466 
998 f f |a PR6045.O53 P87 1986  |t 0  |l Evans: Library Stacks 
998 f f |a PR6045.O53 P87 1986  |t 0  |l Cushing: Literature/Wodehouse (Does not check out)